| 000 | 01176nam a22002777a 4500 | ||
|---|---|---|---|
| 003 | EG-ScBUE | ||
| 005 | 20211128130253.0 | ||
| 008 | 110912s19uu ua f 000 1 ara d | ||
| 040 |
_aEG-ScBUE _bara _erda _cEG-ScBUE _dEG-ScBUE |
||
| 082 | 0 | 4 |
_a895.135 _bل ا و _222 |
| 100 | 1 |
_927124 _aلاو، شيه، _d1899-1966، _eمؤلف. |
|
| 240 | 1 | 0 |
_aRickshaw boy. _lArabic |
| 245 | 1 | 0 |
_aفتى عربة الركشة / _cتأليف لاو شو ؛ ترجمة محمود عزت موسى ؛ مراجعة الدكتور عبد الغني خلف الله. |
| 264 | 1 |
_aالقاهرة : _bالمؤسسة المصرية العامة للتأليف والترجمة والطباعة والنشر، _c[19--?] |
|
| 300 |
_a469 صفحة ؛ _c24 سم |
||
| 336 |
_2rdacontent _aنص _btxt |
||
| 337 |
_2rdamedia _aبدون وسيط _bn |
||
| 338 |
_2rdacarrier _aمجلد _bnc |
||
| 650 | 7 |
_927125 _aالقصص الصينية _yقرن 20. _2BUEsh |
|
| 651 | _2BUEsh | ||
| 653 |
_cSeptember2011 _bGGEN |
||
| 655 |
_vReading book _934232 |
||
| 700 | 1 |
_927126 _aموسى، محمود عزت، _eمترجم. |
|
| 700 | 1 |
_927127 _aخلف الله، عبد الغني، _eمراجع. |
|
| 942 |
_2ddc _cBB |
||
| 999 |
_c16001 _d16001 |
||